[Event "GER-ch U25-B"]
[Site "Willingen"]
[Date "2023.06.03"]
[Round "9"]
[White "Vollmar, Timo"]
[Black "Kanno, Clara Yumi"]
[Result "1-0"]
[WhiteElo "1817"]
[BlackElo "1358"]
[PlyCount "81"]
[EventDate "2023.05.27"]
[EventType "swiss"]
[EventRounds "9"]
[EventCountry "GER"]
[SourceTitle "CBM 214 Extra"]
[Source "ChessBase"]
[SourceDate "2023.07.31"]
[SourceVersion "1"]
[SourceVersionDate "2023.07.31"]
[SourceQuality "1"]

1. e4 e6 2. d4 d5 3. Bd3 dxe4 4. Bxe4 Nf6 5. Bf3 c5 6. Ne2 Nc6 7. Be3 cxd4 8. Nxd4 Ne5 9. Nc3 Bb4 10. 0-0 Bxc3 11. bxc3 Nxf3+ 12. Qxf3 Qd5 13. Qg3 Rg8 14. Qc7 Qd7 15. Qc5 b6 16. Qa3 Qe7 17. Qa4+ Bd7 18. Qa6 Nd5 19. Rfe1 f6 20. Nf5 Qd8 21. Nd6+ Kf8 22. Qa3 Qe7 23. Bd2 Nc7 24. c4 a5 25. Be3 Ne8 26. Bxb6 Nxd6 27. Bc5 Kf7 28. Bxd6 Qd8 29. Rab1 Bc6 30. c5 Ra6 31. Qh3 f5 32. Re5 Qg5 33. Qg3 Qd2 34. Qd3 Qg5 35. g3 Rga8 36. Rbe1 Qg4 37. Rxe6 Be4 38. Qb3 Rg8 39. Re7+ Kf6 40. Qf7+ Kg5 41. Bf4+ 1-0

[Event "GER-ch U25-B"]
[Site "Willingen"]
[Date "2023.05.31"]
[Round "5"]
[White "Vollmar, Timo"]
[Black "Toerpel, Cedrik"]
[Result "1/2-1/2"]
[WhiteElo "1817"]
[BlackElo "1678"]
[PlyCount "75"]
[EventDate "2023.05.27"]
[EventType "swiss"]
[EventRounds "9"]
[EventCountry "GER"]
[SourceTitle "CBM 214 Extra"]
[Source "ChessBase"]
[SourceDate "2023.07.31"]
[SourceVersion "1"]
[SourceVersionDate "2023.07.31"]
[SourceQuality "1"]

1. e4 c6 2. d4 d5 3. Nc3 dxe4 4. Nxe4 Nf6 5. Nxf6+ exf6 6. c3 Bf5 7. Nf3 Bd6 8. Bd3 Bxd3 9. Qxd3 0-0 10. 0-0 Re8 11. Be3 Nd7 12. Rad1 Qc7 13. d5 Ne5 14. Nxe5 Bxe5 15. d6 Qd7 16. f4 Bxd6 17. Rf3 Red8 18. Rh3 h6 19. Kf1 Qc7 20. Qf5 Be7 21. Re1 Rd5 22. Qg4 Qd7 23. Rg3 Qxg4 24. Rxg4 Bc5 25. Bxc5 Rxc5 26. Re7 Rb5 27. b4 a5 28. a4 Rb6 29. f5 axb4 30. Rxb4 Rxb4 31. cxb4 Rxa4 32. Rxb7 Kf8 33. Ke2 Ra2+ 34. Kf3 Rd2 35. Rb6 Rc2 36. Rb8+ Ke7 37. Rb7+ Ke8 38. Rb8+ 1/2-1/2

[Event "Berlin Lichtenberger op 17th"]
[Site "Berlin"]
[Date "2018.08.19"]
[Round "2"]
[White "Vollmar, Timo"]
[Black "Meister, Alexander"]
[Result "0-1"]
[WhiteElo "1477"]
[BlackElo "1962"]
[PlyCount "78"]
[EventDate "2018.08.18"]
[EventType "swiss"]
[EventRounds "9"]
[EventCountry "GER"]
[SourceTitle "CBM 186 Extra"]
[Source "ChessBase"]
[SourceDate "2018.08.24"]
[SourceVersion "1"]
[SourceVersionDate "2018.08.24"]
[SourceQuality "1"]

1. e4 e6 2. d4 b6 3. Nc3 Bb7 4. Nf3 h6 5. Bf4 Bb4 6. Bd3 Nf6 7. e5 Ne4 8. Bxe4 Bxe4 9. 0-0 Bb7 10. a3 Be7 11. Qd3 c6 12. Rad1 Ba6 13. Qd2 Bxf1 14. Kxf1 Na6 15. Ne4 Nc7 16. c4 Kf8 17. Bg3 Ne8 18. Qf4 g5 19. Qd2 d5 20. exd6 Nxd6 21. Nxd6 Bxd6 22. Ne5 Bxe5 23. Bxe5 f6 24. Bg3 Qd7 25. Qd3 Kf7 26. Qf3 Kg7 27. Qg4 f5 28. Be5+ Kg6 29. Qe2 Rhe8 30. Qc2 b5 31. b3 a5 32. cxb5 cxb5 33. Rc1 Rac8 34. Qd2 Rxc1+ 35. Qxc1 Rc8 36. Qd2 Qd5 37. Qd3 Rc1+ 38. Ke2 Qxg2 39. Qxb5 Qf1+ 0-1